[Event "I Open"]
[Site "Crema ITA"]
[Date "1999.09.19"]
[Round "6"]
[White "Vecchia, Mario"]
[Black "Righini, Giovanni"]
[Result "1-0"]
[WhiteElo "1488"]
[BlackElo "1767"]
[PlyCount "95"]
[EventDate "1999.09.17"]

1.e4 e6 2.d4 d5 3.exd5 exd5 4.Nf3 Bd6 5.Bd3 Ne7 6.O-O O-O 7.Nc3 c6 8.Ng5 
Bf5 9.Bxf5 Nxf5 10.Qd3 g6 11.Re1 Qc7 12.Nf3 Nd7 13.Nd1 Rfe8 14.Ne3 Nxe3 
15.Bxe3 Nf6 16.g3 Ne4 17.Nd2 f5 18.Nxe4 fxe4 19.Qd2 Rf8 20.c3 Rf3 21.Rf1 
Raf8 22.Kg2 Qd7 23.Rae1 R8f5 24.Rh1 Rh5 25.h4 Qg4 26.Rh3 Rhf5 27.Rf1 Rf7 
28.Qc1 b5 29.b4 a5 30.a3 Ra7 31.Re1 Rf8 32.Qd1 Qxd1 33.Rxd1 axb4 34.axb4 
Rfa8 35.h5 Ra2 36.hxg6 hxg6 37.Rdh1 R8a3 38.Rh8+ Kf7 39.R1h7+ Kf6 40.Rd8 
Be7 41.Rc8 Rxc3 42.Rc7 Bxb4 43.Kh3 Ra8 44.Kg4 Rc4 45.Rh6 Rg8 46.Rhh7 Rc2 
47.Rhf7+ Ke6 48.Bg5 1-0

[Event "X C.to NATO"]
[Site "Stetten am Kalten Markt GER"]
[Date "1999.09.13"]
[Round "1"]
[White "Pedersen, Jacob Bang"]
[Black "Donati, Roberto"]
[Result "1-0"]
[WhiteElo "2160"]
[BlackElo "1900"]
[PlyCount "51"]
[EventDate "1999.09.13"]

1. d4 c5 2. d5 Nf6 3. c4 g6 4. Nc3 a6 5. a4 Bg7 6. e4 d6 7. f4 O-O 8. Nf3 Bg4
9. Be2 Nbd7 10. O-O Ne8 11. Kh1 Nc7 12. Be3 Rb8 13. Qe1 b5 14. axb5 axb5 15.
cxb5 Nb6 16. Qh4 f5 17. exf5 Bxf5 18. g4 Bd7 19. Rad1 Qe8 20. Rg1 Bf6 21. Qe1
Nxb5 22. f5 Nc7 23. Ng5 Nbxd5 24. Bc4 e6 25. fxe6 Bc6 26. Nxd5 {...} 1-0

[Event "X C.to NATO"]
[Site "Stetten am Kalten Markt GER"]
[Date "1999.09.14"]
[Round "2"]
[White "Benedetti, Fabrizio"]
[Black "Goerke, Tino"]
[Result "1/2-1/2"]
[WhiteElo "2250"]
[BlackElo "2110"]
[PlyCount "54"]
[EventDate "1999.09.13"]

1. e4 d6 2. d4 Nf6 3. Nc3 g6 4. f4 Bg7 5. Nf3 O-O 6. Bd3 Nbd7 7. O-O c6 8. a4
e5 9. dxe5 dxe5 10. f5 Nc5 11. fxg6 hxg6 12. Qe2 Nxd3 13. cxd3 b6 14. b4 Bg4
15. Be3 Nh5 16. a5 Qd6 17. Na4 Nf4 18. Qd2 Bxf3 19. Rxf3 Ne6 20. Raf1 Nd4 21.
Rh3 bxa5 22. bxa5 Qa3 23. Bxd4 exd4 24. Nb2 Rab8 25. Nc4 Qe7 26. Qf4 Rb5 27. e5
Rfb8 1/2-1/2

[Event "X C.to NATO"]
[Site "Stetten am Kalten Markt GER"]
[Date "1999.09.14"]
[Round "2"]
[White "Toll, Alec J."]
[Black "Tommasini, Enzo"]
[Result "1/2-1/2"]
[WhiteElo "2110"]
[BlackElo "2095"]
[PlyCount "39"]
[EventDate "1999.09.13"]

1. d4 e6 2. Nf3 f5 3. c4 Nf6 4. Nc3 c6 5. Bg5 d5 6. e3 Bd6 7. Ne5 O-O 8. Bd3
Qe8 9. f3 Nbd7 10. Bf4 Nh5 11. g3 Qe7 12. h4 Bxe5 13. dxe5 Nxf4 14. gxf4 Qc5
15. Qe2 Nb6 16. b3 a5 17. a3 Rd8 18. Kf2 Bd7 19. h5 Be8 20. h6 1/2-1/2

[Event "X C.to NATO"]
[Site "Stetten am Kalten Markt GER"]
[Date "1999.09.14"]
[Round "3"]
[White "Goerke, Tino"]
[Black "Donati, Roberto"]
[Result "0-1"]
[WhiteElo "2110"]
[BlackElo "1900"]
[PlyCount "69"]
[EventDate "1999.09.13"]

1. d4 c5 2. dxc5 e6 3. c4 Bxc5 4. Nc3 Nc6 5. Nf3 h6 6. a3 a6 7. Ne4 Be7 8. Nd6+
Bxd6 9. Qxd6 Nge7 10. e4 O-O 11. Qg3 Ng6 12. Bd3 d5 13. exd5 exd5 14. O-O dxc4
15. Bxc4 Qf6 16. Re1 Bf5 17. h4 Rfe8 18. Be3 Qxb2 19. h5 Nge5 20. Bd5 Ng4 21.
Bxc6 bxc6 22. Bd4 Rxe1+ 23. Rxe1 Qxa3 24. Qf4 Qa5 25. Rc1 Re8 26. g3 Be6 27.
Rc5 Qa4 28. Rc1 Nf6 29. Qh4 Qa3 30. Rc3 Qa1+ 31. Kh2 Qf1 32. Ne5 Bd5 33. f3 c5
34. Ng4 Re2+ 35. Nf2 0-1

[Event "X C.to NATO"]
[Site "Stetten am Kalten Markt GER"]
[Date "1999.09.14"]
[Round "3"]
[White "Tia, Rudy jr"]
[Black "Benedetti, Fabrizio"]
[Result "1-0"]
[WhiteElo "2205"]
[BlackElo "2250"]
[PlyCount "55"]
[EventDate "1999.09.13"]

1. Nf3 Nf6 2. g3 d5 3. Bg2 Bf5 4. d3 h6 5. O-O e6 6. Nbd2 Be7 7. e3 O-O 8. Qe2
c6 9. e4 Bh7 10. Kh1 Nfd7 11. Rg1 Qc7 12. g4 dxe4 13. dxe4 c5 14. g5 hxg5 15.
Bh3 Ne5 16. Nxg5 Bxg5 17. Rxg5 Ng6 18. Qc4 Nd7 19. f3 Rfe8 20. Qf1 Rad8 21. Nb3
Nde5 22. Bd2 f6 23. Rg3 c4 24. Nd4 Nh4 25. Be3 f5 26. Bg5 Nhxf3 27. Bxd8 Rxd8
28. Nxe6 1-0

[Event "X C.to NATO"]
[Site "Stetten am Kalten Markt GER"]
[Date "1999.09.14"]
[Round "3"]
[White "Tommasini, Enzo"]
[Black "Frederiksen, Henrik"]
[Result "1/2-1/2"]
[WhiteElo "2095"]
[BlackElo "2105"]
[PlyCount "25"]
[EventDate "1999.09.13"]

1. d4 g6 2. c4 Bg7 3. Nc3 c5 4. d5 e5 5. e4 d6 6. Bd3 a6 7. Be3 Bh6 8. Bxh6
Nxh6 9. Qd2 Ng8 10. f4 Nd7 11. Nf3 exf4 12. Qxf4 Qf6 13. Qg3 1/2-1/2

[Event "X C.to NATO"]
[Site "Stetten am Kalten Markt GER"]
[Date "1999.09.14"]
[Round "3"]
[White "Wantiez, Fabrice"]
[Black "Falbo, Sandro"]
[Result "1-0"]
[WhiteElo "2245"]
[BlackElo "2082"]
[PlyCount "69"]
[EventDate "1999.09.13"]

1. e4 c5 2. Nf3 d6 3. d4 cxd4 4. Nxd4 Nf6 5. Nc3 Nc6 6. Bg5 e6 7. Qd2 a6 8.
O-O-O h6 9. Bf4 Bd7 10. Nxc6 Bxc6 11. f3 d5 12. Qe1 Bb4 13. a3 Ba5 14. exd5
Bxd5 15. Be5 Rc8 16. Bxf6 gxf6 17. b4 Rxc3 18. Qxc3 Bc7 19. Bc4 Bf4+ 20. Kb1
Qc7 21. Rxd5 exd5 22. Qxf6 O-O 23. Bxd5 Be5 24. Qg6+ Bg7 25. Qd3 Qe5 26. c3 Rc8
27. Bxf7+ Kf8 28. Bc4 b5 29. Bb3 Rxc3 30. Qd8+ Qe8 31. Qd6+ Qe7 32. Qd5 Rxb3+
33. Qxb3 Qe5 34. Rd1 Qf5+ 35. Qd3 1-0

[Event "X C.to NATO"]
[Site "Stetten am Kalten Markt GER"]
[Date "1999.09.15"]
[Round "4"]
[White "Baudin, Frederic"]
[Black "Tommasini, Enzo"]
[Result "1/2-1/2"]
[WhiteElo "2183"]
[BlackElo "2095"]
[PlyCount "51"]
[EventDate "1999.09.13"]

1. e4 e6 2. d4 d5 3. e5 c5 4. c3 Nc6 5. Nf3 Qb6 6. Bd3 cxd4 7. cxd4 Bd7 8. Nc3
Nxd4 9. Nxd4 Qxd4 10. O-O a6 11. Qe2 Ne7 12. Kh1 Nc6 13. f4 Nb4 14. Rd1 Nxd3
15. Rxd3 Qc4 16. b3 Qc7 17. Bb2 b5 18. Rc1 Qb7 19. Qd2 Rc8 20. Ne2 Rxc1+ 21.
Qxc1 Be7 22. Rg3 g6 23. Nd4 h5 24. h3 b4 25. Kh2 Qb6 26. Qd2 1/2-1/2

[Event "X C.to NATO"]
[Site "Stetten am Kalten Markt GER"]
[Date "1999.09.15"]
[Round "4"]
[White "Donati, Roberto"]
[Black "Nielsen, Jan Mose"]
[Result "1-0"]
[WhiteElo "1900"]
[BlackElo "2065"]
[PlyCount "87"]
[EventDate "1999.09.13"]

1. Nf3 c5 2. g3 Nc6 3. Bg2 d5 4. O-O e5 5. d3 Nf6 6. Bg5 Be7 7. c4 Be6 8. Qa4
O-O 9. cxd5 Nxd5 10. Bxe7 Qxe7 11. Nc3 Nb6 12. Qa3 f5 13. Rac1 Rfc8 14. b3 Nd7
15. e3 a5 16. Qb2 Rab8 17. h4 h6 18. Nb5 b6 19. Rcd1 e4 20. dxe4 fxe4 21. Nd2
Bg4 22. Nxe4 Bxd1 23. Rxd1 Nde5 24. Nbd6 Nb4 25. Nxc8 Rxc8 26. a3 Qf6 27. Qe2
Nbc6 28. Rd6 Qf5 29. f4 Ne7 30. fxe5 Qxe5 31. Qc4+ Kh8 32. Re6 Qa1+ 33. Kh2 Ng8
34. Nd6 Rf8 35. Re8 Rxe8 36. Nxe8 Qe5 37. Qf7 Qe7 38. Qxe7 Nxe7 39. Nd6 g5 40.
hxg5 hxg5 41. Nf7+ Kg7 42. Nxg5 Kf6 43. Ne4+ Ke5 44. Nd2 1-0

[Event "X C.to NATO"]
[Site "Stetten am Kalten Markt GER"]
[Date "1999.09.16"]
[Round "5"]
[White "Frederiksen, Henrik"]
[Black "Donati, Roberto"]
[Result "1/2-1/2"]
[WhiteElo "2105"]
[BlackElo "1900"]
[PlyCount "66"]
[EventDate "1999.09.13"]

1. e4 d5 2. Nc3 d4 3. Nce2 c5 4. d3 Nc6 5. f4 e6 6. Nf3 Nf6 7. Ng3 Be7 8. Be2
Bd7 9. O-O Qc7 10. c4 dxc3 11. bxc3 O-O-O 12. a4 h5 13. a5 h4 14. Nh1 Nxa5 15.
Nf2 Be8 16. Qc2 Nd7 17. Qa2 b6 18. d4 Nb8 19. Be3 Bd6 20. e5 Be7 21. Ne4 c4 22.
Nfd2 Bb5 23. Bf3 Bc6 24. Rfb1 Bd5 25. Nc5 h3 26. Bxd5 exd5 27. Rb5 Nbc6 28.
Nce4 hxg2 29. Re1 Kd7 30. Rxd5+ Ke8 31. Rxd8+ Nxd8 32. Qc2 Qd7 33. Nf3 33...
Qd5 {...} 1/2-1/2

[Event "X C.to NATO"]
[Site "Stetten am Kalten Markt GER"]
[Date "1999.09.16"]
[Round "5"]
[White "Hammond, Andrew J.C."]
[Black "Benedetti, Fabrizio"]
[Result "1/2-1/2"]
[WhiteElo "2212"]
[BlackElo "2250"]
[PlyCount "110"]
[EventDate "1999.09.13"]

1. d4 Nf6 2. c4 e6 3. Nc3 d5 4. Nf3 Nbd7 5. e3 c6 6. Bd3 Be7 7. O-O O-O 8. Qe2
Re8 9. e4 dxe4 10. Nxe4 Nxe4 11. Qxe4 Nf8 12. Rd1 Bf6 13. Bf4 Qe7 14. c5 e5 15.
Nxe5 Bxe5 16. Qxe5 Qd8 17. Qh5 Be6 18. Bd6 g6 19. Qh6 Bd5 20. Re1 f6 21. Re3
Qd7 22. Qh4 Re6 23. Qg3 Rae8 24. h4 Qg7 25. b3 Kh8 26. Rae1 Nd7 27. Bc7 Qf7 28.
Qf4 Nf8 29. Be5 Nd7 30. Bd6 Kg7 31. h5 Rxe3 32. fxe3 f5 33. Qg5 Kh8 34. hxg6
Qxg6 35. Bf4 Qxg5 36. Bxg5 Rg8 37. Bxf5 Rxg5 38. Bxd7 Rxg2+ 39. Kf1 Rxa2 40. e4
Bxb3 41. e5 Bc4+ 42. Kg1 Rd2 43. e6 Bxe6 44. Rxe6 Rxd4 45. Bc8 Rd5 46. Re8+ Kg7
47. Re7+ Kf6 48. Rxh7 Rxc5 49. Bxb7 a5 50. Bxc6 Kg6 51. Be4+ Kf6 52. Kf2 Rc3
53. Ra7 Ke5 54. Bf3 Ra3 55. Rd7 Ke6 1/2-1/2

[Event "X C.to NATO"]
[Site "Stetten am Kalten Markt GER"]
[Date "1999.09.16"]
[Round "5"]
[White "Tia, Rudy jr"]
[Black "Falbo, Sandro"]
[Result "0-1"]
[WhiteElo "2205"]
[BlackElo "2082"]
[PlyCount "94"]
[EventDate "1999.09.13"]

1. Nf3 Nf6 2. g3 g6 3. Bg2 Bg7 4. d3 O-O 5. O-O d6 6. e4 c5 7. Nbd2 Nc6 8. c3
e5 9. a3 d5 10. Qe2 h6 11. Rb1 dxe4 12. dxe4 Be6 13. Ne1 Nd7 14. Nc2 f5 15. Ne3
f4 16. Nd5 g5 17. Bf3 Nf6 18. Nxf6+ Qxf6 19. Bg4 Bf7 20. Bf5 Rfd8 21. Qb5 b6
22. b4 cxb4 23. axb4 Ne7 24. g4 Qd6 25. Ra1 Qd3 26. Qxd3 Rxd3 27. Nb1 Nc6 28.
Bb2 Rad8 29. Na3 a5 30. b5 Ne7 31. Kg2 Ng6 32. Bxg6 Bxg6 33. Rae1 Bf7 34. f3
Bf8 35. Rf2 Kg7 36. Rc1 Kf6 37. Kf1 Bc5 38. Re2 Rxf3+ 39. Kg2 Rfd3 40. Kf1 Be6
41. Rg2 Rf3+ 42. Ke1 Re3+ 43. Re2 Rxe2+ 44. Kxe2 Bxg4+ 45. Kf1 Rd2 46. Rc2 Rd1+
47. Kg2 Rg1# 0-1

[Event "X C.to NATO"]
[Site "Stetten am Kalten Markt GER"]
[Date "1999.09.16"]
[Round "6"]
[White "Baudin, Frederic"]
[Black "Ianniello, Riccardo"]
[Result "0-1"]
[WhiteElo "2183"]
[BlackElo "2288"]
[PlyCount "74"]
[EventDate "1999.09.13"]

1. e4 e6 2. d4 d5 3. e5 c5 4. c3 Nc6 5. Nf3 Nge7 6. Bd3 cxd4 7. cxd4 Nf5 8.
Bxf5 exf5 9. Nc3 Be6 10. O-O Be7 11. Be3 O-O 12. Qe2 Rc8 13. Rad1 h6 14. Ne1
Na5 15. f4 Qd7 16. Kh1 Nc4 17. Bc1 Rc6 18. h3 g6 19. Rg1 h5 20. Nf3 Kg7 21. Ng5
Rh8 22. Rd3 a6 23. Be3 b5 24. Bf2 Bxg5 25. fxg5 Rhc8 26. Be3 Nb6 27. Qf3 b4 28.
Nd1 Rc2 29. Rf1 Qb5 30. Bf4 a5 31. Bh2 Nc4 32. Rf2 Rxf2 33. Qxf2 Nd6 34. Qe2
Ne4 35. Bf4 Qc4 36. b3 Qc2 37. Re3 Qxe2 0-1

[Event "X C.to NATO"]
[Site "Stetten am Kalten Markt GER"]
[Date "1999.09.16"]
[Round "6"]
[White "Falbo, Sandro"]
[Black "Lipinsky, Fabian"]
[Result "0-1"]
[WhiteElo "2082"]
[BlackElo "2331"]
[PlyCount "72"]
[EventDate "1999.09.13"]

1. e4 c5 2. Nf3 d6 3. Bb5+ Nd7 4. d4 a6 5. Bxd7+ Bxd7 6. O-O cxd4 7. Nxd4 g6 8.
c4 Bg7 9. Be3 Nf6 10. f3 O-O 11. Nc3 Rc8 12. Qe2 Qc7 13. Nd5 Nxd5 14. cxd5 Bxd4
15. Bxd4 Bb5 16. Qe3 Bxf1 17. Rxf1 Qa5 18. Qg5 Rc4 19. Bc3 f6 20. Qg4 Qc5+ 21.
Kh1 b5 22. a3 a5 23. h4 b4 24. axb4 axb4 25. Bd2 Qc8 26. Qg3 Rc2 27. Bh6 Rd8
28. h5 Kf7 29. Qf4 g5 30. Qe3 Qc5 31. Qe1 Rc8 32. Qg3 Rc1 33. Rxc1 Qxc1+ 34.
Kh2 Qf4 35. Qxf4 gxf4 36. Bxf4 Rc2 0-1

[Event "VI Festival A"]
[Site "Campobasso ITA"]
[Date "1999.09.10"]
[Round "1"]
[White "Brancaccio, Alfonso"]
[Black "Ferretti, Folco"]
[Result "0-1"]
[WhiteElo "1831"]
[BlackElo "2279"]
[PlyCount "38"]
[EventDate "1999.09.10"]

1. e4 e5 2. Nf3 Nc6 3. Bb5 Nf6 4. O-O Nxe4 5. Re1 Nd6 6. Nxe5 Be7 7. Nxc6 dxc6
8. Bd3 O-O 9. Nc3 Be6 10. b3 Nf5 11. Ne4 Nd4 12. Bb2 Qd7 13. Qh5 f5 14. Ng5
Bxg5 15. Qxg5 Rf6 16. Rxe6 Nxe6 17. Bc4 Rg6 18. Qxf5 Rf8 19. Qh3 Qf7 0-1

[Event "VI Festival A"]
[Site "Campobasso ITA"]
[Date "1999.09.10"]
[Round "1"]
[White "Capezza, Marco"]
[Black "De Vita, Gianni"]
[Result "1/2-1/2"]
[WhiteElo "1705"]
[BlackElo "2106"]
[PlyCount "35"]
[EventDate "1999.09.10"]

1. d4 d5 2. c4 e6 3. Nc3 c6 4. Nf3 Nf6 5. Bg5 dxc4 6. e4 b5 7. e5 h6 8. Bh4 g5
9. Nxg5 hxg5 10. Bxg5 Nbd7 11. exf6 c5 12. Nxb5 Qa5+ 13. Nc3 cxd4 14. Qxd4 Qxg5
15. Bxc4 Rh4 16. Qd3 Bc5 17. g3 Rd4 18. Qf3 1/2-1/2

[Event "VI Festival A"]
[Site "Campobasso ITA"]
[Date "1999.09.10"]
[Round "1"]
[White "Castrogiovanni, Carlo"]
[Black "Marozzi, Giovanni"]
[Result "1-0"]
[WhiteElo "2113"]
[BlackElo "1708"]
[PlyCount "47"]
[EventDate "1999.09.10"]

1. Nf3 Nf6 2. c4 g6 3. Nc3 Bg7 4. g3 O-O 5. Bg2 d6 6. O-O e5 7. d3 c6 8. Bd2 h6
9. e4 Be6 10. h3 Nbd7 11. Qe2 Kh7 12. Kh2 Ng8 13. Ng1 f5 14. f4 Qc7 15. Nf3 Nc5
16. b4 Na6 17. Rab1 Rab8 18. exf5 Bxf5 19. Nh4 Bd7 20. Nxg6 Kxg6 21. Be4+ Kf7
22. Qh5+ Kf6 23. fxe5+ Ke6 24. Qg6+ 1-0

[Event "VI Festival A"]
[Site "Campobasso ITA"]
[Date "1999.09.10"]
[Round "1"]
[White "Colesanti, Ugo Maria"]
[Black "Collutiis, Duilio"]
[Result "1/2-1/2"]
[WhiteElo "1759"]
[BlackElo "2200"]
[PlyCount "100"]
[EventDate "1999.09.10"]

1. e4 c5 2. Nc3 e6 3. g3 Nc6 4. Bg2 g6 5. d3 Bg7 6. Be3 d6 7. Qd2 Rb8 8. Nge2
Nge7 9. O-O O-O 10. Bh6 b5 11. Bxg7 Kxg7 12. d4 b4 13. Nd1 Ba6 14. d5 exd5 15.
exd5 Nd4 16. Nxd4 Bxf1 17. Kxf1 cxd4 18. Qxd4+ Kg8 19. Qxa7 Nf5 20. Qa6 Qf6 21.
Qd3 Rfe8 22. Be4 Re7 23. Bxf5 gxf5 24. Rb1 f4 25. gxf4 Qxf4 26. Qg3+ Qxg3 27.
hxg3 Ra7 28. Ra1 Rba8 29. a3 bxa3 30. bxa3 Rxa3 31. Rxa3 Rxa3 32. Ne3 Ra6 33.
g4 Kg7 34. Kg2 Kg6 35. Kg3 Ra3 36. Kh4 Rc3 37. Kg3 Kf6 38. Kf4 Rc5 39. g5+ Kg6
40. Kg4 Rc3 41. Kf4 Ra3 42. Kg4 f5+ 43. Nxf5 Rc3 44. Nxd6 Rxc2 45. Ne4 Rc4 46.
f3 Rd4 47. d6 Rd1 48. Kf4 Rd5 49. Kg4 Rd4 50. Kf4 Rd5 1/2-1/2

[Event "VI Festival A"]
[Site "Campobasso ITA"]
[Date "1999.09.10"]
[Round "1"]
[White "De Vita, Igor"]
[Black "Megli, Massimo"]
[Result "1/2-1/2"]
[WhiteElo "2154"]
[BlackElo "1740"]
[PlyCount "76"]
[EventDate "1999.09.10"]

1. c4 Nf6 2. Nc3 g6 3. g3 Bg7 4. Bg2 d6 5. d3 c5 6. Nf3 Nc6 7. O-O O-O 8. Rb1
Bg4 9. h3 Bd7 10. a3 a6 11. Bg5 Rb8 12. Nd5 Nxd5 13. cxd5 Ne5 14. Nxe5 Bxe5 15.
Bh6 Bg7 16. Bxg7 Kxg7 17. d4 c4 18. e4 f5 19. e5 f4 20. e6 Bc8 21. Qg4 Rf6 22.
gxf4 Qf8 23. f5 Rxf5 24. f4 Qf6 25. Rbd1 b5 26. Be4 Rh5 27. Kh2 Bb7 28. f5 Rh4
29. Qg2 g5 30. Rg1 h6 31. Qe2 Rc8 32. Qe1 Rf4 33. Qc3 Rh4 34. Qe1 Rf4 35. Rg4
Rxg4 36. hxg4 Rh8 37. Qe2 Rc8 38. Qd2 Rh8 1/2-1/2

[Event "VI Festival A"]
[Site "Campobasso ITA"]
[Date "1999.09.10"]
[Round "1"]
[White "Dragojlovic, Andjelko"]
[Black "Mautone, Valerio"]
[Result "1-0"]
[WhiteElo "2350"]
[BlackElo "1900"]
[PlyCount "71"]
[EventDate "1999.09.10"]

1. e4 c5 2. Nf3 d6 3. c3 Nf6 4. Be2 g6 5. O-O Nc6 6. d4 cxd4 7. cxd4 Bg7 8. d5
Ne5 9. Nxe5 dxe5 10. Nc3 O-O 11. Qb3 Ne8 12. Be3 Nd6 13. f3 Kh8 14. a4 f5 15.
a5 f4 16. Bc5 g5 17. Nb5 h5 18. Nxa7 Rxa7 19. Bxa7 Qe8 20. Rfc1 Qg6 21. Bc5 g4
22. Bxd6 exd6 23. Rc7 g3 24. h3 Bh6 25. Rxc8 Rxc8 26. Qxb7 Qe8 27. Bb5 Qd8 28.
a6 Rc7 29. Qxc7 Qxc7 30. a7 Qb6+ 31. Kh1 Qxb5 32. a8=Q+ Kh7 33. Qa3 Bf8 34. b4
Kg6 35. Qa4 Qb6 36. b5 1-0

[Event "VI Festival A"]
[Site "Campobasso ITA"]
[Date "1999.09.10"]
[Round "1"]
[White "Ferri, Stefano"]
[Black "Ortega, Lexy"]
[Result "0-1"]
[WhiteElo "2091"]
[BlackElo "2499"]
[PlyCount "93"]
[EventDate "1999.09.10"]

1. e4 c5 2. Nf3 d6 3. d4 cxd4 4. Nxd4 Nf6 5. f3 a6 6. c4 e6 7. Nc3 b6 8. Be3
Bb7 9. Qd2 Be7 10. g4 h6 11. h4 Nbd7 12. Rg1 Rc8 13. g5 Nh5 14. g6 Bxh4+ 15.
Kd1 Qf6 16. gxf7+ Qxf7 17. Bh3 Nf8 18. Kc2 Bg5 19. Bxg5 hxg5 20. Qxg5 Nf4 21.
Bf1 Rh2+ 22. Kb3 N8g6 23. a4 Rc5 24. Qg3 Rch5 25. Rd1 Kf8 26. Qe1 Ne5 27. Qe3
Kg8 28. Nf5 exf5 29. Qxf4 b5 30. axb5 axb5 31. Nxb5 Rf2 32. Nxd6 Qf6 33. Qc1
Rhh2 34. Rg2 Rhxg2 35. Bxg2 Rxg2 36. Nxb7 Qb6+ 37. Ka2 Qxb7 38. Rd8+ Kf7 39.
Rd5 Qa7+ 40. Kb3 Nc6 41. Rxf5+ Kg8 42. Rh5 Nd4+ 43. Kb4 Qb6+ 44. Rb5 Nxb5 45.
cxb5 Qd4+ 46. Ka5 Qd2+ 47. Qc3 0-1

[Event "VI Festival A"]
[Site "Campobasso ITA"]
[Date "1999.09.10"]
[Round "1"]
[White "Ficco, Corrado"]
[Black "Galasso, Luigi"]
[Result "1-0"]
[WhiteElo "2169"]
[BlackElo "1755"]
[PlyCount "77"]
[EventDate "1999.09.10"]

1. e4 c5 2. Nc3 Nc6 3. f4 g6 4. Nf3 Bg7 5. Bb5 Nd4 6. Bd3 d6 7. Nxd4 cxd4 8.
Ne2 Nf6 9. O-O O-O 10. Kh1 Nd7 11. c3 dxc3 12. dxc3 b6 13. Ng3 Nc5 14. Bc2 a5
15. f5 a4 16. Be3 Bd7 17. Bd4 a3 18. b3 Qc7 19. Bxg7 Kxg7 20. Qd4+ Kg8 21. Rad1
Rfc8 22. Qe3 Bb5 23. c4 Nd7 24. Bd3 Ba6 25. Qh6 Qd8 26. fxg6 hxg6 27. Rxf7 Kxf7
28. Qh7+ Ke6 29. Qxg6+ Nf6 30. e5 Kd7 31. exf6 Kc7 32. Bf5 Rcb8 33. Qh7 Ra7 34.
fxe7 Qe8 35. Bg6 Qd7 36. Bf5 Qe8 37. Ne4 Kc6 38. Rxd6+ Kc7 39. Bg6 1-0

[Event "VI Festival A"]
[Site "Campobasso ITA"]
[Date "1999.09.10"]
[Round "1"]
[White "Franceschi, Riccardo"]
[Black "Martorelli, Antonio"]
[Result "0-1"]
[WhiteElo "1884"]
[BlackElo "2322"]
[PlyCount "57"]
[EventDate "1999.09.10"]

1. e4 c5 2. c3 Nf6 3. e5 Nd5 4. g3 d6 5. exd6 Qxd6 6. Bg2 Nc6 7. Ne2 Bf5 8. d4
cxd4 9. Nxd4 Qe5+ 10. Qe2 Qxe2+ 11. Nxe2 O-O-O 12. Nf4 Nb6 13. O-O g5 14. Nh3
h6 15. Nd2 e5 16. Kh1 g4 17. Ng1 Bd3 18. Re1 f5 19. b3 e4 20. Nf1 Bg7 21. Bb2
Nd5 22. Ne2 Ncb4 23. Nd4 Bxd4 24. cxd4 Kb8 25. Rac1 Nxa2 26. Rc5 Nab4 27. Ne3
b6 28. Nxd5 bxc5 29. dxc5 0-1

[Event "VI Festival A"]
[Site "Campobasso ITA"]
[Date "1999.09.10"]
[Round "1"]
[White "Gagliardi, Pietro"]
[Black "Scipioni, Gaetano"]
[Result "1-0"]
[WhiteElo "2204"]
[BlackElo "1764"]
[PlyCount "39"]
[EventDate "1999.09.10"]

1. e4 d6 2. d4 Nf6 3. Nd2 e5 4. c3 c6 5. a4 a5 6. Ngf3 Bg4 7. Bd3 Be7 8. h3 Bh5
9. O-O O-O 10. g4 Nxg4 11. hxg4 Bxg4 12. dxe5 dxe5 13. Be2 Nd7 14. Nc4 Qc7 15.
Ng5 Be6 16. Nxe6 fxe6 17. Bg4 Nc5 18. Be3 Nxe4 19. Bxe6+ Kh8 20. Bb6 1-0

[Event "VI Festival A"]
[Site "Campobasso ITA"]
[Date "1999.09.10"]
[Round "1"]
[White "Gerardi, Saverio"]
[Black "Ausmins, Elmar"]
[Result "1/2-1/2"]
[WhiteElo "1792"]
[BlackElo "2261"]
[PlyCount "69"]
[EventDate "1999.09.10"]

1. e4 c5 2. Nf3 d6 3. d4 cxd4 4. Nxd4 Nf6 5. Nc3 a6 6. Be2 e5 7. Nb3 Be7 8. O-O
O-O 9. Be3 b5 10. Nd5 Nbd7 11. f3 Bb7 12. Nxe7+ Qxe7 13. Na5 Bc8 14. c4 Nc5 15.
b4 Na4 16. Qd2 Bd7 17. Rfd1 Ne8 18. Nb7 Be6 19. Nxd6 Nxd6 20. Qxd6 Qxd6 21.
Rxd6 bxc4 22. Rc1 Rfc8 23. Rc2 Kf8 24. Rdd2 Rab8 25. a3 Rc6 26. Rc1 c3 27. Rdd1
Bc4 28. Kf2 Rb5 29. Rc2 Bxe2 30. Kxe2 a5 31. Bc5+ Ke8 32. Kd3 Nxc5+ 33. bxc5
Rcxc5 34. Rxc3 Rxc3+ 35. Kxc3 1/2-1/2

[Event "VI Festival A"]
[Site "Campobasso ITA"]
[Date "1999.09.10"]
[Round "1"]
[White "Grasso, Nino"]
[Black "Isonzo, David"]
[Result "0-1"]
[WhiteElo "1777"]
[BlackElo "2257"]
[PlyCount "52"]
[EventDate "1999.09.10"]

1. e4 c5 2. c3 d6 3. d4 Nf6 4. dxc5 Nc6 5. cxd6 Nxe4 6. Bd3 Nxd6 7. Nf3 e5 8.
O-O Be7 9. Re1 Bg4 10. h3 Bxf3 11. Qxf3 O-O 12. Nd2 f5 13. Qd5+ Kh8 14. b3 Qc7
15. Bb2 Rad8 16. Rad1 Ne4 17. Qc4 Nxd2 18. Rxd2 e4 19. Rxe4 fxe4 20. Qxe4 g6
21. Re2 Bf6 22. Ba3 Rfe8 23. Qf3 Bg7 24. Rxe8+ Rxe8 25. g3 Ne5 26. Qf4 Qa5 0-1

[Event "VI Festival A"]
[Site "Campobasso ITA"]
[Date "1999.09.10"]
[Round "1"]
[White "Laketic, Gojko"]
[Black "Petruccioli, Antonio"]
[Result "1-0"]
[WhiteElo "2418"]
[BlackElo "2160"]
[PlyCount "71"]
[EventDate "1999.09.10"]

1. d4 d5 2. c4 c6 3. Nf3 Nf6 4. Nbd2 e6 5. g3 Be7 6. Bg2 O-O 7. O-O Nbd7 8. b3
b6 9. Bb2 Bb7 10. Rc1 Rc8 11. Ne5 c5 12. cxd5 exd5 13. Bh3 Rc7 14. dxc5 bxc5
15. Nxd7 Nxd7 16. Qc2 Re8 17. Rfd1 Bd6 18. Nc4 Bf8 19. Ne3 Nb6 20. Bg2 d4 21.
Bxd4 Bxg2 22. Nxg2 Rd7 23. Bb2 Nd5 24. Ba3 Nb4 25. Bxb4 cxb4 26. Rxd7 Qxd7 27.
Nf4 Rd8 28. e4 a5 29. Kg2 Bd6 30. Rd1 Qe6 31. Qd3 Kf8 32. h4 a4 33. Nd5 axb3
34. axb3 Rb8 35. Nf6 gxf6 36. Qxd6+ 1-0

[Event "VI Festival A"]
[Site "Campobasso ITA"]
[Date "1999.09.10"]
[Round "1"]
[White "Leveque, Sergio"]
[Black "Zimina, Olga"]
[Result "0-1"]
[WhiteElo "1747"]
[BlackElo "2161"]
[PlyCount "76"]
[EventDate "1999.09.10"]

1. e4 c5 2. Nf3 Nc6 3. d4 cxd4 4. Nxd4 Nf6 5. Nc3 e6 6. Ndb5 Bb4 7. a3 Bxc3+ 8.
Nxc3 d5 9. exd5 exd5 10. Bd3 d4 11. Ne2 Bf5 12. O-O Bxd3 13. Qxd3 O-O 14. Bf4
Rc8 15. Rfe1 Qb6 16. b4 Rfd8 17. Rad1 Nd5 18. Qb3 a6 19. Bc1 Nc7 20. Nf4 a5 21.
Nd3 axb4 22. axb4 Nd5 23. Bd2 Na7 24. Nc5 Nb5 25. Re5 Qc6 26. Rc1 b6 27. Ne4
Ra8 28. Qg3 Re8 29. Rxd5 Rxe4 30. Qg5 Nd6 31. b5 Qc7 32. Bf4 Qc3 33. h4 f6 34.
Qg4 Nf7 35. g3 Rae8 36. Qd7 Qf3 37. Rf1 Re1 38. Qh3 Qxd5 0-1

[Event "VI Festival A"]
[Site "Campobasso ITA"]
[Date "1999.09.10"]
[Round "1"]
[White "Ljubisavljevic, Zivojin Z."]
[Black "Goller, Savino"]
[Result "1-0"]
[WhiteElo "2274"]
[BlackElo "1804"]
[PlyCount "51"]
[EventDate "1999.09.10"]

1. e4 c5 2. Nc3 Nc6 3. f4 d6 4. Bb5 Bd7 5. Nf3 a6 6. Bxc6 Bxc6 7. d4 cxd4 8.
Nxd4 Nf6 9. Nxc6 bxc6 10. O-O Qb6+ 11. Kh1 Rd8 12. Qf3 e5 13. b3 Be7 14. Bb2
O-O 15. Nd1 Qb4 16. c4 exf4 17. Qxf4 d5 18. e5 Ne4 19. Ne3 Bg5 20. Nc2 Qb6 21.
Qf3 Nd2 22. Qg3 Nxf1 23. Rxf1 Be7 24. Ne3 g6 25. Nf5 Qc7 26. e6 1-0